000
00282nam a2200121Ia 4500
082
_a
615.19
_b
I12Q
100
_a
QADRY, J.S.
245
_a
TB OF INORGANIC PHARMA CEUTICAL & MEDICAL CHEMISTRY
260
_b
CBS- DELHI
300
_a
286
650
_a
PHARMACEUTICS
942
_2
ddc
_c
BK
_0
1
999
_c
7167
_d
7167